Sự biến đổi sinh kế của người Rục ở huyện Minh Hóa tỉnh Quảng Bình

Uloženo v:
Podrobná bibliografie
Hlavní autor: Trần, Tấn Đăng Long
Další autoři: Tạp chí Đại học Thủ Dầu Một
Médium: Kniha
Jazyk:Undetermined
Témata:
On-line přístup:http://lrc.tdmu.edu.vn/opac/search/detail.asp?aID=2&ID=37921
Tagy: Přidat tag
Žádné tagy, Buďte první, kdo otaguje tento záznam!
Thư viện lưu trữ: Trung tâm Học liệu Trường Đại học Thủ Dầu Một
LEADER 00720nam a2200157Ia 4500
001 TDMU_37921
008 210410s9999 xx 000 0 und d
082 |a NULL 
100 |a Trần, Tấn Đăng Long 
245 0 |a Sự biến đổi sinh kế của người Rục ở huyện Minh Hóa tỉnh Quảng Bình 
245 0 |c Trần Tấn Đăng Long 
300 |a Tr.70-79 
650 |a Biến đổi sinh kế; Người Rục; Huyện Minh Hóa; Phát triển bền vững 
700 |a Tạp chí Đại học Thủ Dầu Một 
856 |u http://lrc.tdmu.edu.vn/opac/search/detail.asp?aID=2&ID=37921 
980 |a Trung tâm Học liệu Trường Đại học Thủ Dầu Một